| 000 | 00372nam a2200145Ia 4500 | ||
|---|---|---|---|
| 008 | 230917s9999||||xx |||||||||||||| ||und|| | ||
| 040 |
_e106389 _aMAIN |
||
| 041 | _aEnglish | ||
| 082 | _a320.50954 P215G | ||
| 100 | _aParebh, Bhikhu | ||
| 245 | 0 | _aGandhi: A very short introduction | |
| 260 |
_aOxford _bOxford University Press _c1997 |
||
| 300 | _a140 p. | ||
| 942 | _cBK | ||
| 999 |
_c119582 _d119582 |
||